000 00781nmc a2200301 a 4500
003 AR-BaBNM
005 20251128204247.0
008 075019s1984 ||||||||||||||000 | spa||
020 _a950-40-0006-1
040 _cAR-BaBNM
100 1 _aEinstein, Albert
245 1 0 _aAlbert Einstein
_bnotas autobiográficas
250 _a2ª ed.
260 _aBuenos Aires
_bAlianza editorial
_c1984
300 0 _a87 p.
490 0 _aLibro de Bolsillo
_vv. 1005
500 0 _aTraductor Miguel Paredes
650 4 _aBIOGRAFIAS
650 4 _aSIGLO VEINTE
650 4 _aCIENTIFICOS
650 4 _aACTIVIDADES CIENTIFICAS
650 4 _aFISICA
650 4 _aHISTORIA CULTURAL
653 _aMEMORIAS
700 1 _aSchilpp, Paul Arthur
_eprologuista
942 _cBK
998 _cEthel
999 _c6753
_d6753